000 00803nam a2200241 i 4500
001 126542
003 ES-MaACL
005 20251114151043.0
007 t|
008 070214s1978 sp |||| | spa d
245 0 0 _aC-14 y prehistoria de la Península Ibérica /
_cM. Almagro-Gorbea ... [et. al.].
260 _aMadrid :
_bFundación Juan March,
_c1978.
300 _a183 p. ;
_c21 cm.
490 1 _aSerie universitaria ;
_v77
504 _aBibliografía.
651 4 _aEspaña-
_xHistoria-
_yÉpoca prehistórica.
_98343
651 4 _aPortugal-
_xHistoria-
_yÉpoca prehistórica.
_9161570
700 1 _aAlmagro-Gorbea, Martín,
_d1946-
_920077
710 2 _aFundación Juan March
_94346
830 0 _aSerie universitaria ;
_v77
_9180747
852 _aES-MaACL
_jA-9608
999 _c126542
_d126542